000 01419cam a2200253 4500
001 ABS64005
008 000000n2001 000 0 eng u
035 _a(Sirsi) u112841
100 _aMcKee, W
245 _aGovernment must wake up to the realities of the marketplace
260 _c2001
490 _aProperty Forecast
_v4(5) May 2001, 2-3(2)
520 _aDirector General of the British Property Federation argues that legislative intervention to resolve the dispute over lease flexibility would be damaging to the property industry, and have a negative impact the industry's contribution to regeneration, transport and the residential rented sector. Discusses the results of a government survey carried out by Reading University in 1999 which indicates that market forces are already creating new flexibility, leases have shortened considerably since 1990, and that tenant complaints about upward only rent reviews have subsided. Concludes that tenants need to be educated about property matters, and the "Commercial leases code of practice" should be revised to be more accessible and made widely available.
590 _aABS
650 _aCOMMERCIAL LEASES
650 _aLEASE LENGTH
650 _aCODE OF PRACTICE
650 _aPROPERTY INDUSTRY
650 _aUPWARD ONLY RENT REVIEWS
650 _aFLEXIBLE LEASES
650 _aBPF
690 _aPROPERTY-LANDLORD AND TENANT
942 _n0
999 _c67171
_d67171